Loreto College Library, Kolkata
WEBOPAC (ONLINE PUBLIC ACCESS CATALOGUE)

Database system concepts (Record no. 18049)

MARC details
000 -LEADER
fixed length control field 00710nam a2200241Ia 4500
008 - FIXED-LENGTH DATA ELEMENTS--GENERAL INFORMATION
fixed length control field 131103s9999 xx 000 0 und d
020 ## - ISBN | অাই এস বি এন
ISBN | অাই এস বি এন 007124476X
040 ## - CATALOGING SOURCE
Original cataloging agency Loreto College
041 ## - LANGUAGE CODE
Language code English
082 ## - DDC | ডিউই
Classification number | বর্গসংখ্যা 005.74/SIL
Book Number | গ্রন্থাঙ্ক LCLIB/46033;46714
100 ## - MAIN ENTRY--PERSONAL NAME | মুখ্য সংলেখ - ব্যাক্তিনাম
Personal name | ব্যাক্তিনাম Silberschatz, Abraham
245 ## - TITLE STATEMENT | অাখ্যা বিবরণী
Title | অাখ্যা Database system concepts
Statement of responsibility | লেখকের দায়িত্বের বিবরণ Abraham Silberschatz, Henry F. Korth, S. Sudarshan
250 ## - EDITION STATEMENT | সংস্করণ ক্ষেত্র
Edition statement | সংস্করণ 5th ed
260 ## - IMPRINT | প্রকাশনা ক্ষেত্র
Place of publication | প্রকাশ স্থান New York
Name of publisher | প্রকাশকের নাম McGraw-Hill Higher Education
Date of publication | প্রকাশ কাল 2006
300 ## - PHYSICAL DESCRIPTION |
Page / Vol. No | পৃষ্ঠা / খন্ড সংখ্যা xxvi,1142p
504 ## - BIBLIOGRAPHY, ETC. NOTE
Bibliography, etc Includes bibliography and index
630 ## - SUBJECT ADDED ENTRY--UNIFORM TITLE
Uniform title Database
650 ## - SUBJECT ADDED ENTRY--TOPICAL TERM | বিষয় শিরোনাম - মূল বিষয়
Topical term | মূল বিষয় Computer Science
651 ## - SUBJECT ADDED ENTRY--GEOGRAPHIC NAME | বিষয় শিরোনাম - ভৌগলিক নাম
Geographic name | ভৌগলিক বিষয় Database systems
700 ## - ADDED ENTRY--PERSONAL NAME | অতিরিক্ত সংলেখ - ব্
Personal name | ব্যাক্তিনাম Korth, Henry F.
850 ## - HOLDING INSTITUTION
Holding institution LCLIB/005.74/SIL
942 ## - ADDED ENTRY ELEMENTS (KOHA)
Koha item type Books
Holdings
Withdrawn status Lost status Damaged status Not for loan Home library Current library Date acquired Total Checkouts Full call number Accession No. Date last seen Price effective from Koha item type
        Loreto College Loreto College 04/11/2013   005.74/SIL LCLIB/46033;46714 B18551 04/11/2013 04/11/2013 Books
        Loreto College Loreto College 04/11/2013   005.74/SIL LCLIB/46033;46714 B22109 04/11/2013 04/11/2013 Books